| 000 | 00621nam a22001937a 4500 | ||
|---|---|---|---|
| 005 | 20240422084238.0 | ||
| 008 | 130821s1921 xx gr lat | ||
| 040 |
_aCo-BoUCM _bspa _cDavid Moreno (modificó) _dDavid Moreno (modificó) |
||
| 041 | 0 | 0 | _alat |
| 110 |
_aIglesia Católica _93579 |
||
| 245 | 0 | 0 |
_aOfficium Beatae Mariae Virginis _cIglesia Católica |
| 260 |
_aMechlinae _bH. Dessain _c1921 |
||
| 300 | _a27 páginas | ||
| 650 | 1 | 7 |
_aOficio divino _920713 |
| 650 | 1 | 7 |
_aOración _920789 |
| 650 | 1 | 7 |
_aBreviarios _910214 |
| 942 |
_cLIBRO _a4 _e1 _mI45O _n0 _2DEWEY _h264.1 |
||
| 999 |
_c86368 _d86368 |
||